Normal view
MARC view
- Isaev, Alexander.
Entry Personal Name
001 - CONTROL NUMBER
- control field: 8012
003 - CONTROL NUMBER IDENTIFIER
- control field: NUST
005 - DATE AND TIME OF LATEST TRANSACTION
- control field: 20180104105754.0
008 - FIXED-LENGTH DATA ELEMENTS
- fixed length control field: 180104|| aca||aabn | a|a d
040 ## - CATALOGING SOURCE
- Original cataloging agency: NUST
- Transcribing agency: NUST
100 ## - HEADING--PERSONAL NAME
- Personal name: Isaev, Alexander.
670 ## - SOURCE DATA FOUND
- Source citation: Work cat.: (NUST)0: Isaev, Alexander., Introduction to mathematical methods in bioinformatics /, c2004.
